It looks like you're offline.
Open Library logo
additional options menu

MARC Record from Scriblio

Record ID marc_records_scriblio_net/part18.dat:117156328:968
Source Scriblio
Download Link /show-records/marc_records_scriblio_net/part18.dat:117156328:968?format=raw

LEADER: 00968nam 2200265 a 4500
001 85666106
003 DLC
005 19870512000000.0
008 870511s1871 enka 00010 eng c
010 $a 85666106
040 $aICU$cICU
041 1 $aenglat
050 1 $aQA803$b.E9x 1871
100 10 $aNewton, Isaac,$cSir,$d1642-1727.
240 10 $aPrincipia.$nLiber I.$lEnglish.$kSelections
245 14 $aThe first three sections of Newton's Principia :$bwith an appendix and the ninth and eleventh sections /$cby John H. Evans.
250 $a5th ed. /$bby P.T. Main.
260 0 $aCambridge :$bDeighton, Bell ;$aLondon :$bBell and Daldy,$c1871.
300 $a200, 15 p. :$bill. ;$c17 cm.
440 0 $aCambridge school and college text books
500 $aPublisher's advertisements: p. 1-15 (2nd set)
650 0 $aDynamics of a particle.
650 0 $aCurves, plane.
700 10 $aEvans, John H.$q(John Harrison),$d1805-1880.
700 10 $aMain, P. T.$q(Philip Thomas)